Chemistry in the laboratory

Shranjeno v:
Bibliografske podrobnosti
Glavni avtor: Hunter, Paul W. W.
Format: Knjiga
Jezik:Undetermined
Izdano: Michigan Michigan State University 2005
Teme:
Oznake: Označite
Brez oznak, prvi označite!
Thư viện lưu trữ: Trung tâm Học liệu Trường Đại học Cần Thơ
LEADER 00577nam a2200205Ia 4500
001 CTU_170132
008 210402s9999 xx 000 0 und d
020 |c 20 
082 |a 542 
082 |b H946 
100 |a Hunter, Paul W. W. 
245 0 |a Chemistry in the laboratory 
245 0 |c Paul W. W. Hunter 
260 |a Michigan 
260 |b Michigan State University 
260 |c 2005 
650 |a Chemistry,Hóa học 
650 |x Tài liệu hướng dẫn thí nghiệm 
910 |a Nguyên 
980 |a Trung tâm Học liệu Trường Đại học Cần Thơ